[Event "Bucharest-ch"]
[Site "Bucharest"]
[Date "2022.05.20"]
[Round "2"]
[White "Nikanova, Ekaterina"]
[Black "Cristescu, Ion"]
[Result "1-0"]
[WhiteElo "2021"]
[BlackElo "1731"]
[PlyCount "136"]
[EventDate "2022.05.19"]
[EventType "swiss"]
[EventRounds "7"]
[EventCountry "ROU"]
[SourceTitle "EXT 2023"]
[Source "ChessBase"]
[SourceDate "2022.10.05"]
[SourceVersion "1"]
[SourceVersionDate "2022.10.05"]
[SourceQuality "1"]

1. e4 c6 2. d4 d5 3. exd5 cxd5 4. Nf3 Nf6 5. Ne5 e6 6. c3 Nc6 7. Bb5 Bd7 8. Nxd7 Qxd7 9. 0-0 Bd6 10. Re1 a6 11. Bf1 Qc7 12. g3 h5 13. Bg2 h4 14. Nd2 hxg3 15. hxg3 Bxg3 16. fxg3 Qxg3 17. Nf1 Qh4 18. Qe2 Ne7 19. Qf2 Nf5 20. Qxh4 Nxh4 21. Bh1 Kd7 22. Bf4 Nh5 23. Bh2 g5 24. c4 Nf4 25. Bxf4 gxf4 26. cxd5 Rag8+ 27. Kf2 Nf5 28. dxe6+ fxe6 29. Bxb7 Rb8 30. Bxa6 Rxb2+ 31. Re2 Rxe2+ 32. Bxe2 Nxd4 33. a4 Nxe2 34. Kxe2 Kc6 35. Kf3 Kb6 36. Nd2 Ka5 37. Nb3+ Kb4 38. Nd4 Ra8 39. a5 e5 40. Nc6+ Kb5 41. Nxe5 Rxa5 42. Rb1+ Kc5 43. Kxf4 Ra4+ 44. Kf5 Rh4 45. Nd3+ Kc6 46. Rc1+ Kb5 47. Ke5 Rh5+ 48. Kd4 Rh4+ 49. Kd5 Rh5+ 50. Ne5 Rg5 51. Rb1+ Ka5 52. Kd4 Rh5 53. Nc6+ Ka6 54. Nb8+ Ka7 55. Nd7 Ka6 56. Nf6 Rf5 57. Nd5 Rf2 58. Kc5 Rc2+ 59. Kd6 Rd2 60. Kc6 Rc2+ 61. Kd6 Rd2 62. Rc1 Ka7 63. Kc6 Ra2 64. Rc5 Ra6+ 65. Kc7 Ra1 66. Ne7 Ra2 67. Rc6 Ra1 68. Rb6 Ka8 1-0